| 000 | 00626cam a2200193 a 4500 | ||
|---|---|---|---|
| 001 | 3420529 | ||
| 005 | 20240221054724.0 | ||
| 008 | 900313s1990 enk b 001 0deng | ||
| 020 | _a1850431493 : | ||
| 040 |
_aDLC _cDLC _dDLC |
||
| 082 | 0 | 0 |
_a320.54. _220 _bSUB. |
| 100 | 1 | _aChakrabarty, Bidyut, | |
| 245 | 1 | 0 |
_aSubhas Chandra Bose and middle class radicalism : _ba study in Indian nationalism, 1928-1940 / _cBidyut Chakrabarty. |
| 260 |
_aIndia : _bOxford University press / _c1990. |
||
| 300 | _axii, 240 p. ; | ||
| 650 | 0 | _aNationalism | |
| 856 | 4 | 1 | _uhttp://www.loc.gov/catdir/enhancements/fy0601/90129916-t.html |
| 942 | _cL | ||
| 999 |
_c457 _d457 |
||